| 000 | 00680nam a22002417a 4500 | ||
|---|---|---|---|
| 003 | OSt | ||
| 005 | 20150610181556.0 | ||
| 008 | 150610b xxu||||| |||| 00| 0 eng d | ||
| 020 | _a0155009141 | ||
| 040 | _c04 | ||
| 082 | _a150 INT | ||
| 100 |
_aAtkinson Rita L _95224 |
||
| 245 |
_aIntroduction to Psychology / _cRita L. Atkinson, [et...al] |
||
| 250 | _a11th ed. | ||
| 260 | _bHarcourt Brace & Company | ||
| 300 |
_axvii, 784 p : _bcol.ill; _c27 cm. |
||
| 504 | _aIncludes bibliographical references and index. | ||
| 650 |
_aPsychology _931 |
||
| 700 |
_aAtkinson Richard C _95225 |
||
| 700 |
_aSmith Edward E _95226 |
||
| 700 |
_aBem Daryl J. _95227 |
||
| 942 |
_2z _cSLOAN |
||
| 999 |
_c2002 _d2002 |
||